000 00575nam a2200205Ia 4500
005 20250923145406.0
008 008 250917s9999 xx 000 0 eng d
037 _aTextual
040 _aDSWL
_beng
_cDSWL
041 _aeng
_2eng
084 _aV4:2x,N6, N63
_qDSWL
100 _aSpann, R.N.
_9834816
245 0 _aConstitutionalism in Asia
_c by R.N. Spann
260 _aBombay
_bAsia Publishing House
_c1963
300 _axii,249 p.
365 _aINR
_b20 . 0
925 _g20 . 0
942 _cTEXL
_hV4:2x,N6, N63
999 _c1450807
_d1450807